00339nam a2200133Ia 4500008004100000041000800041082001700049100002600066245004100092260002200133300000800155365001600163700002600179230718s9999 xx 000 0 und d aeng a005.678bKRI aKrishna S.J. (Editor) aWeb Services bIndustry Applications c2005bICFAI Books a174 cRs.b350.00 aKrishna S.J. (Editor)